000 00604nam a2200229Ia 4500
003 OSt
005 20220918203424.0
006 a|||||r|||| 00| 0
007 ta
008 220917b |||||||| |||| 00| 0 eng d
024 _a108,190
037 _cTextual
040 _aARTS
_cARTS
_beng
041 _2eng
_aeng
082 _aV4313:1:N7, K62
100 _aRay Sibnararayan Ed
_9108500
245 0 _aVietnam
_b Seen from East and West
260 _aNA
_bNA
_c1966
650 _aHISTORY
942 _hV4313:1:N7, K62
_cTEXL
_2CC
999 _c231544
_d231544